NHL Team Logos - Sudden Death - Statistics

General Stats
  • This quiz has been taken 831 times
    576 since last reset
  • The average score is 26 of 32
Answers on the Grid
Answers color-coded by a green-red scale on the quiz's grid according to % correct below.
 
Answer Stats
Answer % Correct
NHL
83%
NHL
82%
NHL
82%
NHL
82%
NHL
82%
NHL
82%
NHL
81%
NHL
81%
NHL
81%
NHL
81%
NHL
81%
NHL
81%
NHL
81%
NHL
81%
NHL
80%
NHL
80%
NHL
80%
NHL
80%
NHL
80%
NHL
80%
NHL
80%
NHL
80%
NHL
79%
NHL
79%
NHL
79%
NHL
79%
NHL
79%
NHL
79%
NHL
79%
NHL
78%
NHL
78%
NHL
78%
No matching quizzes found
Score Distribution
Percent of People with Each Score
Percentile by Number Answered
Your Score History
You have not taken this quiz since the last reset